000 00534nam a2200193Ia 4500
005 20250923145732.0
008 008 250917s9999 xx 000 0 eng d
037 _aTextual
040 _aDSWL
_beng
_cDSWL
041 _aeng
_2eng
084 _aL:5P:N78, N78:1
_qDSWL
245 0 _aPrimary health care : the chinese experience
_cby W.H.O.
260 _aSwitzerland
_bW.H.O.
_c1983
300 _a105p.
365 _aINR
_b42.00
925 _g42.00
942 _cTEXL
_hL:5P:N78, N78:1
999 _c1454998
_d1454998